01297nam a22002897a 4500999001500000001000600015003000900021005001700030008004100047020001800088020001800106040002900124082001600153245010700169250001200276260005700288300004800345504005300393650002200446650001900468700002200487942001200509952011400521952011400635952012900749952012900878 c4975d497514998BD-DhUAP20201125154011.0201125s2008 enka b 000 0 eng  a9780443066849 a9780808923718 aDLCcMBNUdBD-DhUAPbEng a612 GRA22310aGray's anatomy : bthe anatomical basis of clinical practice /cedited by Susan Standring ...[et al.]. a4th ed. aEdinburgh :bChurchill Livingstone Elsevier,cc2008. axxiv, 1551 pages :billustrations ;c30 cm. aIncludes bibliographical references and indexes. 0aHuman physiology. 0aHuman anatomy. aStandring, Susan. 2ddccBK 00102ddc4070aUAPCLbUAPCLcGeneral Stacksd2020-11-25o612 GRAp3010014998r2020-11-25t1w2020-11-25yBK 00102ddc4070aUAPCLbUAPCLcGeneral Stacksd2020-11-25o612 GRAp3010014996r2020-11-25t2w2020-11-25yBK 00102ddc4070aUAPCLbUAPCLcGeneral Stacksd2020-11-25l1o612 GRAp3010014995r2024-02-06s2024-02-06t3w2020-11-25yBK 00102ddc4070aUAPCLbUAPCLcGeneral Stacksd2020-11-25l1o612 GRAp3010014997r2022-08-23s2022-08-17t4w2020-11-25yBK